Rugby : pays qui ont battu la France en CDM - Statistiques

Statistiques générales
  • Ce quiz a été pris 857 fois
  • Le résultat moyen est 11 sur 16
Statistiques - réponses
éditions Adversaires score tour % Correct
1987 Nouvelle-Zélande 9-29 Finale
92%
2023 Afrique du sud 28-29 1/4 Finale
84%
1991 Angleterre 10-19 1/4 finale
75%
2011 Nouvellé-Zélande 7-8 Finale
75%
1995 Afrique du Sud 15-19 1/2 finale
73%
1999 Australie 12-35 Finale
72%
2015 Nouvelle-Zélande 13-62 1/4 finale
70%
2019 Pays de Galles 19-20 1/4 Finale
69%
2003 Angleterre 7-24 1/2 finale
67%
2003 Nouvelle-Zélande 13-40 3eme place
63%
2007 Angleterre 9-14 1/2 finale
61%
2011 Nouvelle-Zélande 17-37 1er Tour
56%
2007 Argentine 10-34 3eme place
52%
2015 Irlande 9-24 1er Tour
52%
2007 Argentine 12-17 1er Tour
51%
2011 Tonga 14-19 1er Tour
44%
Aucun quiz correspondant
Distribution des résultats
% des personnes avec chaque résultat
Percentile par nombre de réponses
Votre historique - résultats
Vous n’avez pas pris ce quiz